Statistiques concernant Capitales d'Afrique

Cliquez ici pour prendre le quiz!

Statistiques générales

  • Ce quiz a été pris 3 275 fois
    (3 250 depuis la dernière actualisation)
  • Le résultat moyen est 33 sur 54

Statistiques - réponses

PaysCapitale% Correct
AlgérieAlger
99%
ÉgypteLe Caire
93%
Afrique du SudPretoria
93%
TunisieTunis
90%
MarocRabat
88%
SénégalDakar
84%
DjiboutiDjibouti
82%
KenyaNairobi
78%
LibyeTripoli
77%
MaliBamako
76%
Burkina FasoOuagadougou
76%
CamerounYaoundé
76%
Guinée-BissauBissau
75%
République démocratique du CongoKinshasa
75%
GabonLibreville
74%
République du CongoBrazzaville
73%
MadagascarAntananarivo
71%
AngolaLuanda
68%
Sao-Tomé-et-PrincipeSao Tomé
68%
Sierra LeoneFreetown
66%
Côte d'IvoireYamoussoukro
66%
GhanaAccra
65%
ÉthiopieAddis-Abeba
64%
TogoLomé
64%
BéninPorto-Novo
62%
GuinéeConakry
59%
SeychellesVictoria
58%
SoudanKhartoum
56%
Île MauricePort-Louis
56%
Cap-VertPraia
55%
RwandaKigali
54%
NigerNiamey
53%
ZimbabweHarare
52%
TchadN'Djamena
52%
NigeriaAbuja
51%
BotswanaGaborone
51%
MozambiqueMaputo
50%
SomalieMogadiscio
50%
MauritanieNouakchott
50%
République centrafricaineBangui
49%
ComoresMoroni
48%
NamibieWindhoek
48%
ÉrythréeAsmara
47%
GambieBanjul
47%
TanzanieDodoma
46%
EswatiniMbabane
45%
LiberiaMonrovia
44%
OugandaKampala
43%
MalawiLilongwé
43%
ZambieLusaka
42%
Soudan du SudDjouba
40%
Guinée équatorialeMalabo
40%
LesothoMaseru
39%
BurundiBujumbura
31%

Distribution des résultats

Percentile par nombre de réponses

% des personnes avec chaque résultat

Votre développement - résultats

Vous n’avez pas pris ce quiz depuis la dernière actualisation